000 00608nam a2200193Ia 4500
999 _c35348
_d35348
001 1201
003 GE_BSU
005 20210223121650.0
008 181216s1960||||ge |||||||||||||| ||geo||
040 _cGE_BSU
041 _ageo
080 _a639.5 მ-70
100 _aმირზაშვილი, ვ.
_910195
245 _aსატყეო ტაქსაცია /
_cვ. მირზაშვილი.
264 _aთბილისი :
_bცოდნა,
_c1960.
300 _a21 გვ.
_b ნახ. ;
_c21 სმ.
653 _aსატყეო ტაქსაცია
942 _cBK
_2udc